Science Quiz

Random Science or Math Quiz
Score 0/100 Timer 03:00
6 Plays Today
PROBLEM SOLUTION % Correct
1 x 1010
84.3%
10 x 10100
84.3%
4 x 14
84.3%
1 x 11
84.2%
3 x 1030
84.2%
9 x 1090
84.2%
5 x 315
84.2%
6 x 16
84.2%
1 x 99
84.1%
5 x 1050
84.1%
3 x 13
84.1%
1 x 88
84.1%
2 x 24
84.1%
5 x 15
84.1%
2 x 510
84.1%
1 x 22
84.1%
3 x 26
84.1%
10 x 110
84.1%
10 x 770
84.1%
4 x 520
84.1%
8 x 1080
84%
10 x 990
84.1%
4 x 28
84%
9 x 19
84%
8 x 18
84%
10 x 550
84%
2 x 612
84%
6 x 1060
84%
10 x 220
84%
2 x 1020
84%
7 x 214
84%
4 x 416
84%
4 x 1040
84%
1 x 33
84%
PROBLEM SOLUTION % Correct
1 x 55
84%
1 x 66
84%
5 x 525
84%
10 x 660
84%
1 x 77
84%
7 x 535
84%
8 x 216
84%
9 x 218
84%
2 x 36
84%
7 x 1070
83.9%
7 x 17
83.9%
2 x 48
83.9%
6 x 212
83.9%
1 x 44
83.9%
2 x 816
83.9%
3 x 39
83.9%
3 x 515
83.9%
4 x 312
83.9%
2 x 12
83.9%
10 x 330
83.9%
10 x 440
83.9%
5 x 420
83.8%
6 x 530
83.8%
3 x 618
83.8%
5 x 210
83.7%
5 x 630
83.7%
10 x 880
83.7%
9 x 545
83.7%
2 x 918
83.7%
3 x 412
83.7%
5 x 840
83.7%
2 x 714
83.7%
3 x 721
83.7%
8 x 540
83.6%
PROBLEM SOLUTION % Correct
6 x 636
83.6%
8 x 324
83.6%
9 x 981
83.5%
4 x 624
83.5%
7 x 321
83.5%
5 x 735
83.4%
6 x 318
83.4%
3 x 824
83.3%
6 x 424
83.3%
3 x 927
83.3%
9 x 327
83.2%
5 x 945
83.2%
9 x 436
83.2%
7 x 428
83%
4 x 936
82.9%
4 x 728
82.9%
8 x 432
82.9%
8 x 972
82.8%
8 x 864
82.8%
4 x 832
82.7%
7 x 749
82.7%
9 x 872
82.4%
6 x 954
82.3%
7 x 642
82.2%
6 x 742
82.2%
7 x 963
82.2%
9 x 654
82.1%
9 x 763
82.1%
8 x 756
81.9%
7 x 856
81.8%
6 x 848
81.8%
8 x 648
81.6%
Remove Ads.
Support Sporcle.
Get the best of Sporcle when you Go Orange. This ad-free experience offers more features, more stats, and more fun while also helping to support Sporcle. Thank you for becoming a member.

You're not logged in!

Compare scores with friends on all Sporcle quizzes.
OR
Log In

Show Comments

Extras

Top Quizzes Today


Score Distribution

Your Account Isn't Verified!

In order to create a playlist on Sporcle, you need to verify the email address you used during registration. Go to your Sporcle Settings to finish the process.

Report this User

Report this user for behavior that violates our Community Guidelines.

Details: